Loading...
Fine Arts - Visual Fine Arts | 2 | 5 | 0 | 0 | 80 | 33 | 102.14 | 5 | 7 |
Mythology | 1 | 6 | 0 | 0 | 75 | 15 | 101.29 | 6 | 7 |
Literature - World Literature | 0 | 7 | 1 | 0 | 65 | 78 | 99.14 | 6 | 7 |
Science - Physics | 0 | 7 | 1 | 0 | 65 | 75 | 95.29 | 4 | 7 |
Literature - British Literature | 1 | 5 | 0 | 0 | 65 | 71 | 114.67 | 6 | 6 |
Literature - European Literature | 0 | 7 | 1 | 0 | 65 | 103 | 128.14 | 6 | 7 |
Philosophy | 0 | 6 | 0 | 0 | 60 | 73 | 92.83 | 5 | 6 |
History - Other History | 0 | 6 | 0 | 2 | 60 | 112 | 118.83 | 4 | 6 |
Fine Arts - Auditory Fine Arts | 0 | 6 | 0 | 0 | 60 | 94 | 120.67 | 6 | 6 |
Literature - American Literature | 0 | 6 | 1 | 0 | 55 | 79 | 119.50 | 5 | 6 |
Fine Arts - Other Fine Arts | 0 | 5 | 0 | 0 | 50 | 73 | 101.80 | 5 | 5 |
Science - Biology | 0 | 5 | 0 | 0 | 50 | 61 | 99.60 | 0 | 5 |
Science - Chemistry | 0 | 5 | 2 | 0 | 40 | 72 | 97.00 | 3 | 5 |
Social Science | 0 | 3 | 0 | 1 | 30 | 66 | 90.00 | 2 | 3 |
History - World History | 1 | 2 | 1 | 1 | 30 | 39 | 87.67 | 3 | 3 |
Religion | 0 | 4 | 2 | 1 | 30 | 84 | 117.50 | 3 | 4 |
History - European History | 0 | 2 | 0 | 0 | 20 | 92 | 109.00 | 1 | 2 |
Science - Other Science | 0 | 3 | 2 | 1 | 20 | 79 | 100.33 | 2 | 3 |
Current Events | 0 | 1 | 0 | 0 | 10 | 129 | 129.00 | 0 | 1 |
History - American History | 0 | 1 | 0 | 0 | 10 | 108 | 108.00 | 1 | 1 |
Geography | 0 | 1 | 0 | 0 | 10 | 96 | 96.00 | 0 | 1 |
Pop Culture | 0 | 1 | 0 | 0 | 10 | 101 | 101.00 | 1 | 1 |